[Event "First Saturday 2011 marcius FM-A"]
[Site "Budapest"]
[Date "2011.03.10"]
[Round "6"]
[White "Mayer, Istvan"]
[Black "Juracsik, Jozsef"]
[Result "0-1"]
[WhiteElo "2023"]
[BlackElo "2228"]
[PlyCount "72"]
[EventDate "2011.03.05"]

1. e4 c5 2. Nf3 d6 3. c3 Nf6 4. e5 dxe5 5. Nxe5 a6 6. Bc4 e6 7. O-O Bd6 8. d4
Qc7 9. Qe2 Nc6 10. Nxc6 Qxc6 11. dxc5 Qxc5 12. Be3 Qc7 13. f4 h5 14. h3 b5 15.
Bb3 Ne4 16. Bd4 Bb7 17. Nd2 Ng3 18. Qe3 Nf5 19. Qf2 Rg8 20. Bb6 Qc6 21. Rae1 g5
22. Ne4 gxf4 23. Bd5 Qxd5 24. Nf6+ Ke7 25. Nxd5+ Bxd5 26. Rd1 Rxg2+ 27. Qxg2
Bxg2 28. Kxg2 Rg8+ 29. Kf2 Rb8 30. Bd4 e5 31. Rfe1 Kf6 32. Ba7 Rb7 33. Rxd6+
Nxd6 34. Bc5 Nf5 35. Rd1 Rc7 36. b4 Ke6 0-1

[Event "First Saturday 2011 marcius FM-A"]
[Site "Budapest"]
[Date "2011.03.10"]
[Round "6"]
[White "Tran, Minh Trang"]
[Black "Farkas, Richard"]
[Result "0-1"]
[WhiteElo "2077"]
[BlackElo "2001"]
[PlyCount "50"]
[EventDate "2011.03.05"]

1. d4 Nf6 2. Bf4 d5 3. e3 c5 4. dxc5 Nc6 5. Bb5 Qa5+ 6. Nc3 g6 7. Qd4 Bd7 8.
Bxc6 bxc6 9. Nge2 Bg7 10. Be5 O-O 11. b4 Qa3 12. Rb1 Bf5 13. Rb3 Qa6 14. Rb2
Rfd8 15. Ng3 Be6 16. a4 Ne8 17. h4 f6 18. Bf4 Bf7 19. b5 Qb7 20. Nge2 e5 21.
Qb4 exf4 22. Nd4 fxe3 23. Nxc6 d4 24. Nxd8 Qxg2 25. Nxf7 Qxf2+ 0-1

[Event "First Saturday 2011 marcius FM-A"]
[Site "Budapest"]
[Date "2011.03.10"]
[Round "6"]
[White "Kiraly, Zoltan"]
[Black "Darazs, Zoltan"]
[Result "0-1"]
[WhiteElo "2074"]
[BlackElo "2218"]
[PlyCount "114"]
[EventDate "2011.03.05"]

1. d4 Nf6 2. c4 g6 3. Nc3 d5 4. cxd5 Nxd5 5. Bd2 Bg7 6. e4 Nxc3 7. Bxc3 c5 8.
Bb5+ Nd7 9. Ne2 cxd4 10. Nxd4 O-O 11. O-O a6 12. Bc4 Nf6 13. Re1 b5 14. Bb3 Bb7
15. Bc2 Qb6 16. Nf3 Rfd8 17. Qe2 b4 18. Bxf6 Bxf6 19. e5 Bg7 20. Be4 Bxe4 21.
Qxe4 Rac8 22. Rac1 Rxc1 23. Rxc1 Bh6 24. Re1 a5 25. Qh4 Bf8 26. e6 f6 27. h3
Bg7 28. Qc4 h6 29. b3 f5 30. Qe2 Rd6 31. Qe3 Qxe3 32. Rxe3 Bc3 33. g4 fxg4 34.
hxg4 Kg7 35. Ne5 Rd2 36. Nc6 Kf6 37. Nxa5 Rxa2 38. Nc6 Rb2 39. Kg2 Rxb3 40.
Rf3+ Kxe6 41. Nd4+ Bxd4 42. Rxb3 Bc3 43. Kf3 Kd5 44. Ke2 Kc4 45. Rb1 b3 46. Rh1
b2 47. Rb1 e5 48. f3 h5 49. gxh5 gxh5 50. Ke3 Bd4+ 51. Kd2 Kb3 52. Kd3 h4 53.
Rh1 h3 54. f4 exf4 55. Kxd4 Ka2 56. Ke4 b1=Q+ 57. Rxb1 Kxb1 0-1

[Event "First Saturday 2011 marcius FM-A"]
[Site "Budapest"]
[Date "2011.03.11"]
[Round "7"]
[White "Darazs, Zoltan"]
[Black "Borda, Lajos"]
[Result "1-0"]
[WhiteElo "2218"]
[BlackElo "2135"]
[PlyCount "111"]
[EventDate "2011.03.05"]

1. d4 Nf6 2. c4 g6 3. Nc3 Bg7 4. e4 d6 5. f3 c5 6. d5 e5 7. dxe6 fxe6 8. Bf4 e5
9. Be3 Nc6 10. Qd2 Be6 11. O-O-O Nd4 12. h4 Qd7 13. Kb1 O-O-O 14. Bd3 Kb8 15.
Nge2 Rc8 16. Ng3 Rcf8 17. Ka1 Nh5 18. Nxh5 gxh5 19. Rb1 Bf6 20. b4 Bd8 21. bxc5
dxc5 22. Nd5 Rhg8 23. Bg5 Bxd5 24. cxd5 Qf7 25. Qf2 Rxg5 26. hxg5 Bxg5 27. Rb2
Rc8 28. Rhb1 Rc7 29. Bc4 Qe7 30. Qg3 h6 31. Qh3 h4 32. Qg4 Rd7 33. a3 Qd6 34.
Ka2 Re7 35. a4 Rc7 36. Qh5 Re7 37. Ka3 Kc8 38. Ka2 Kb8 39. Bb5 Kc8 40. Qg4+ Kb8
41. Bc4 Rc7 42. Qh3 Re7 43. Qh1 Rc7 44. Qf1 Rf7 45. Ba6 b6 46. Qh1 Bd8 47. Bb5
Rg7 48. a5 Rg3 49. axb6 axb6 50. Bc6 Rg7 51. Rxb6+ Bxb6 52. Rxb6+ Ka7 53. Qb1
Rxg2+ 54. Ka3 Nxc6 55. Rxc6 Qd8 56. Qb5 1-0

[Event "First Saturday 2011 marcius FM-A"]
[Site "Budapest"]
[Date "2011.03.11"]
[Round "7"]
[White "Schenkerik, Csaba"]
[Black "Kiraly, Zoltan"]
[Result "1/2-1/2"]
[WhiteElo "2136"]
[BlackElo "2074"]
[PlyCount "20"]
[EventDate "2011.03.05"]

1. e4 e6 2. d4 d5 3. Nc3 Nf6 4. exd5 exd5 5. Nf3 Bf5 6. Be2 Be7 7. O-O O-O 8.
Ne5 Nbd7 9. Bf4 c6 10. Nxd7 Qxd7 1/2-1/2

[Event "First Saturday 2011 marcius FM-A"]
[Site "Budapest"]
[Date "2011.03.11"]
[Round "7"]
[White "Farkas, Richard"]
[Black "Tessedik, Karoly"]
[Result "1-0"]
[WhiteElo "2001"]
[BlackElo "1883"]
[PlyCount "37"]
[EventDate "2011.03.05"]

1. e4 g6 2. d4 Bg7 3. Bc4 e6 4. Nc3 c6 5. e5 d6 6. Nf3 dxe5 7. dxe5 Qc7 8. Qe2
Nd7 9. Bf4 Nb6 10. Ne4 Ne7 11. Nd6+ Kf8 12. Ng5 Ned5 13. Bxd5 Nxd5 14. Qf3 f6
15. exf6 Bxf6 16. Be5 Qg7 17. Nxc8 Rxc8 18. Nxe6+ Ke7 19. Nxg7 1-0

[Event "First Saturday 2011 marcius FM-A"]
[Site "Budapest"]
[Date "2011.03.11"]
[Round "7"]
[White "Zala, Gyula"]
[Black "Tran, Minh Trang"]
[Result "1-0"]
[WhiteElo "2074"]
[BlackElo "2077"]
[PlyCount "73"]
[EventDate "2011.03.05"]

1. e4 e6 2. a3 d5 3. e5 c5 4. b4 Nc6 5. f4 cxb4 6. axb4 Bxb4 7. c3 Be7 8. d4
Qc7 9. Bd3 b6 10. Nf3 Na5 11. O-O Nc4 12. Ra2 a5 13. g4 Bb7 14. Qe2 O-O-O 15.
Ng5 Bxg5 16. fxg5 g6 17. Qf3 Rf8 18. Na3 Ba6 19. Rb2 Kb7 20. Rb5 Kb8 21. Rb1
Ne7 22. Nb5 Qc6 23. Nd6 Nc8 24. Bxc4 Bxc4 25. Nxc4 Qxc4 26. Ba3 Re8 27. Rf2 h5
28. gxh6 Rxh6 29. Bc5 b5 30. Rfb2 b4 31. Bxb4 Rh7 32. Bxa5+ Ka8 33. Ra1 Na7 34.
Bb6 Re7 35. Rba2 f5 36. exf6 Rb7 37. Rxa7+ 1-0

[Event "First Saturday 2011 marcius FM-A"]
[Site "Budapest"]
[Date "2011.03.11"]
[Round "7"]
[White "Juracsik, Jozsef"]
[Black "Csomor, Viktor"]
[Result "1-0"]
[WhiteElo "2228"]
[BlackElo "2081"]
[PlyCount "51"]
[EventDate "2011.03.05"]

1. e4 e6 2. d4 d5 3. Nc3 Nf6 4. Bg5 Bb4 5. e5 h6 6. Bc1 Ne4 7. Qg4 Kf8 8. Nge2
c5 9. a3 Ba5 10. b4 Nxc3 11. bxa5 Nxe2 12. Bxe2 Qxa5+ 13. Bd2 Qa4 14. c4 b5 15.
cxb5 Qxd4 16. Qxd4 cxd4 17. Rc1 Nd7 18. Bb4+ Kg8 19. Bd6 Kh7 20. Bd3+ g6 21.
Rc7 Kg7 22. h4 h5 23. Rh3 Rh7 24. Rf3 Kg8 25. Rf4 Nb6 26. Bxg6 1-0

[Event "First Saturday 2011 marcius FM-A"]
[Site "Budapest"]
[Date "2011.03.11"]
[Round "7"]
[White "Szendeff, Miklos"]
[Black "Mayer, Istvan"]
[Result "0-1"]
[WhiteElo "1854"]
[BlackElo "2023"]
[PlyCount "62"]
[EventDate "2011.03.05"]

1. e4 e6 2. d4 d5 3. Nd2 Nf6 4. e5 Nfd7 5. Nb3 c5 6. c3 Nc6 7. f4 cxd4 8. cxd4
a5 9. a4 f6 10. Nf3 Qb6 11. Bb5 Bb4+ 12. Bd2 O-O 13. Rc1 Bxd2+ 14. Qxd2 Na7 15.
Qe2 Nxb5 16. axb5 a4 17. Nc5 fxe5 18. Nxe5 Qa5+ 19. Kd1 Nxc5 20. dxc5 Rxf4 21.
Rf1 Qb4 22. Rc3 Rxf1+ 23. Qxf1 Qd4+ 24. Nd3 Bd7 25. c6 bxc6 26. bxc6 Be8 27.
Kc1 a3 28. Kb1 axb2 29. Kxb2 Bxc6 30. Qe2 Rb8+ 31. Ka2 Qxc3 0-1

[Event "First Saturday 2011 marcius FM-A"]
[Site "Budapest"]
[Date "2011.03.12"]
[Round "8"]
[White "Borda, Lajos"]
[Black "Mayer, Istvan"]
[Result "1/2-1/2"]
[WhiteElo "2135"]
[BlackElo "2023"]
[PlyCount "40"]
[EventDate "2011.03.05"]

1. d4 d5 2. Nf3 Nf6 3. a3 e6 4. e3 c5 5. dxc5 Bxc5 6. b4 Bd6 7. Bb2 Nc6 8. Nbd2
O-O 9. Bd3 h6 10. O-O Qc7 11. h3 Ne5 12. Nxe5 Bxe5 13. Bxe5 Qxe5 14. c4 Bd7 15.
Qb3 dxc4 16. Bxc4 Bc6 17. Rfd1 Bd5 18. Bxd5 Nxd5 19. Nf3 Qf6 20. Rac1 Rfc8
1/2-1/2

[Event "First Saturday 2011 marcius FM-A"]
[Site "Budapest"]
[Date "2011.03.12"]
[Round "8"]
[White "Csomor, Viktor"]
[Black "Szendeff, Miklos"]
[Result "1-0"]
[WhiteElo "2081"]
[BlackElo "1854"]
[PlyCount "63"]
[EventDate "2011.03.05"]

1. d4 g6 2. c4 Bg7 3. Nc3 d6 4. e4 Nd7 5. Be3 e5 6. d5 Ne7 7. Nge2 f5 8. f3 O-O
9. Qd2 Nf6 10. O-O-O fxe4 11. fxe4 Ng4 12. Ng3 Nxe3 13. Qxe3 Bd7 14. Kb1 a6 15.
Be2 Qe8 16. Rdf1 Rxf1+ 17. Rxf1 b5 18. c5 b4 19. Nd1 Bb5 20. c6 Bxe2 21. Qxe2
h5 22. Qd2 a5 23. Ne2 Kh7 24. Qg5 a4 25. g4 hxg4 26. Qxg4 Nxc6 27. dxc6 Qxc6
28. Rg1 Qe8 29. Ne3 c5 30. Nf5 Ra6 31. Qh4+ Kg8 32. Ne7+ 1-0

[Event "First Saturday 2011 marcius FM-A"]
[Site "Budapest"]
[Date "2011.03.12"]
[Round "8"]
[White "Tran, Minh Trang"]
[Black "Juracsik, Jozsef"]
[Result "1-0"]
[WhiteElo "2077"]
[BlackElo "2228"]
[PlyCount "97"]
[EventDate "2011.03.05"]

1. d4 Nf6 2. Bf4 g6 3. e3 Bg7 4. Nf3 O-O 5. Be2 d6 6. O-O h6 7. h3 Nc6 8. c3
Nd5 9. Bh2 e5 10. Qb3 Nb6 11. Rd1 Qe7 12. a4 a5 13. Na3 Kh7 14. Nb5 f5 15. d5
Na7 16. Nd2 Nxb5 17. axb5 Bd7 18. Nc4 Nxc4 19. Qxc4 Be8 20. b4 a4 21. Ra3 Bf7
22. e4 c6 23. bxc6 bxc6 24. Qxc6 Rfc8 25. Qb6 f4 26. Qb5 h5 27. Qd3 g5 28. Rda1
Rg8 29. Rxa4 Rxa4 30. Rxa4 Bh6 31. g4 fxg3 32. fxg3 g4 33. h4 Bg6 34. Kg2 Kh8
35. Bg1 Qf6 36. b5 Rb8 37. Be3 Bf4 38. gxf4 Qxh4 39. Bf2 Qf6 40. fxe5 dxe5 41.
Ra6 Qf7 42. Bg3 Re8 43. Re6 Rf8 44. Bxe5+ Kg8 45. Rf6 Qh7 46. Rxf8+ Kxf8 47.
Qd4 Bxe4+ 48. Kg1 Qf5 49. d6 1-0

[Event "First Saturday 2011 marcius FM-A"]
[Site "Budapest"]
[Date "2011.03.12"]
[Round "8"]
[White "Tessedik, Karoly"]
[Black "Zala, Gyula"]
[Result "1/2-1/2"]
[WhiteElo "1883"]
[BlackElo "2074"]
[PlyCount "40"]
[EventDate "2011.03.05"]

1. d4 c5 2. d5 d6 3. e4 Nf6 4. Nc3 g6 5. Nf3 e6 6. dxe6 fxe6 7. Bc4 Bg7 8. O-O
O-O 9. Bg5 Nc6 10. Qd2 a6 11. a4 Nb4 12. Rad1 d5 13. exd5 exd5 14. Nxd5 Nbxd5
15. Bxd5+ Kh8 16. Rfe1 Bf5 17. Re2 Qd7 18. a5 Nxd5 19. Qxd5 Qxd5 20. Rxd5 Bxb2
1/2-1/2

[Event "First Saturday 2011 marcius FM-A"]
[Site "Budapest"]
[Date "2011.03.12"]
[Round "8"]
[White "Kiraly, Zoltan"]
[Black "Farkas, Richard"]
[Result "1-0"]
[WhiteElo "2074"]
[BlackElo "2001"]
[PlyCount "89"]
[EventDate "2011.03.05"]

1. d4 d5 2. c4 e5 3. dxe5 d4 4. Nf3 Nc6 5. a3 Bg4 6. Nbd2 Qe7 7. h3 Bh5 8. g4
Bg6 9. Bg2 O-O-O 10. Qb3 h5 11. g5 Qc5 12. Qb5 Qb6 13. Qxb6 axb6 14. b4 Nge7
15. Bb2 Nf5 16. O-O-O Nb8 17. Rhe1 c5 18. b5 Be7 19. h4 Rhe8 20. Bh3 Nd7 21.
Bxf5 Bxf5 22. e3 Bg4 23. Rg1 f6 24. exf6 gxf6 25. Rde1 fxg5 26. hxg5 dxe3 27.
Rxe3 Bd6 28. Rxe8 Rxe8 29. g6 Nf8 30. g7 Ne6 31. Nh4 Nf4 32. Kb1 Nd3 33. f3 Be6
34. Rg6 Kd7 35. Ne4 Be7 36. Bf6 Nf4 37. Rh6 Rg8 38. Rh8 Ke8 39. Nf5 Ng6 40.
Rxg8+ Bxg8 41. Nh6 Bf7 42. g8=Q+ Bxg8 43. Nxg8 Bf8 44. Bg5 h4 45. Ngf6+ 1-0

[Event "First Saturday 2011 marcius FM-A"]
[Site "Budapest"]
[Date "2011.03.13"]
[Round "9"]
[White "Schenkerik, Csaba"]
[Black "Borda, Lajos"]
[Result "1-0"]
[WhiteElo "2136"]
[BlackElo "2135"]
[PlyCount "82"]
[EventDate "2011.03.05"]

1. d4 Nf6 2. c4 g6 3. Nc3 Bg7 4. e4 d6 5. Be2 e5 6. d5 c5 7. Bg5 Na6 8. Qd2 h6
9. Be3 Nc7 10. f3 Bd7 11. g4 a6 12. h4 b5 13. a3 bxc4 14. Bxc4 Nb5 15. Bxb5
axb5 16. h5 gxh5 17. gxh5 b4 18. Nce2 bxa3 19. bxa3 Ng8 20. Ng3 Ne7 21. Qc3 f5
22. Bd2 O-O 23. Rb1 Qc7 24. N1e2 Kh8 25. Nf1 f4 26. Bc1 Ng8 27. Nd2 Rfb8 28.
Rxb8 Rxb8 29. Nc4 Ba4 30. Kf2 Nf6 31. Bd2 Qd7 32. Qc1 Bb3 33. Na5 Qa4 34. Nc6
Ra8 35. Ne7 Nh7 36. Nf5 Bf8 37. Nxf4 exf4 38. Qc3+ Kg8 39. Rg1+ Ng5 40. Qf6 Qa7
41. Qg6+ Kh8 1-0

[Event "First Saturday 2011 marcius FM-A"]
[Site "Budapest"]
[Date "2011.03.13"]
[Round "9"]
[White "Farkas, Richard"]
[Black "Darazs, Zoltan"]
[Result "0-1"]
[WhiteElo "2001"]
[BlackElo "2218"]
[PlyCount "106"]
[EventDate "2011.03.05"]

1. e4 e5 2. Nf3 Nc6 3. Bb5 a6 4. Bxc6 dxc6 5. O-O f6 6. d4 exd4 7. Nxd4 c5 8.
Nb3 Qxd1 9. Rxd1 Bd6 10. Be3 b6 11. Nc3 Ne7 12. a4 Be6 13. f4 O-O-O 14. a5 Kb7
15. Nd2 Nc6 16. axb6 cxb6 17. Nf3 Nb4 18. Rd2 Be7 19. Rad1 Rxd2 20. Rxd2 Rd8
21. Ne1 Rxd2 22. Bxd2 f5 23. e5 Kc6 24. Nd1 c4 25. Bxb4 Bxb4 26. c3 Bc5+ 27.
Kf1 Kd5 28. Ke2 b5 29. Nc2 a5 30. Nde3+ Ke4 31. g3 Bf7 32. h3 b4 33. Nd4 Bxd4
34. cxd4 a4 35. d5 a3 36. bxa3 bxa3 37. e6 a2 38. Nc2 Bg8 39. e7 Bf7 40. d6 Be8
41. Kd2 Kf3 42. Kc3 Kxg3 43. Kxc4 Kxf4 44. Kb3 Ke5 45. Kxa2 Kxd6 46. Nd4 g6 47.
Kb2 Kxe7 48. Kc3 Kf6 49. h4 Ke5 50. Kd3 Kf4 51. h5 gxh5 52. Ne6+ Kg3 53. Ke3 h4
0-1

[Event "First Saturday 2011 marcius FM-A"]
[Site "Budapest"]
[Date "2011.03.13"]
[Round "9"]
[White "Zala, Gyula"]
[Black "Kiraly, Zoltan"]
[Result "1/2-1/2"]
[WhiteElo "2074"]
[BlackElo "2074"]
[PlyCount "22"]
[EventDate "2011.03.05"]

1. b4 e5 2. Bb2 Bxb4 3. Bxe5 Nf6 4. Nf3 O-O 5. e3 d5 6. Be2 c6 7. O-O Nbd7 8.
c4 dxc4 9. Bxc4 Nb6 10. Bb3 Re8 11. d4 Be6 1/2-1/2

[Event "First Saturday 2011 marcius FM-A"]
[Site "Budapest"]
[Date "2011.03.13"]
[Round "9"]
[White "Juracsik, Jozsef"]
[Black "Tessedik, Karoly"]
[Result "1-0"]
[WhiteElo "2228"]
[BlackElo "1883"]
[PlyCount "40"]
[EventDate "2011.03.05"]

1. e4 a6 2. d4 e6 3. Nf3 d5 4. e5 c5 5. c3 Nc6 6. Be2 Qb6 7. dxc5 Bxc5 8. O-O
Qc7 9. Bf4 Nge7 10. b4 Ba7 11. Bd3 Ng6 12. Bg3 Bd7 13. Re1 Rc8 14. Nbd2 Nce7
15. Rc1 h5 16. h3 h4 17. Bh2 Qb6 18. Qe2 Bb5 19. c4 dxc4 20. Bxc4 Nf5 1-0

[Event "First Saturday 2011 marcius FM-A"]
[Site "Budapest"]
[Date "2011.03.13"]
[Round "9"]
[White "Szendeff, Miklos"]
[Black "Tran, Minh Trang"]
[Result "1/2-1/2"]
[WhiteElo "1854"]
[BlackElo "2077"]
[PlyCount "42"]
[EventDate "2011.03.05"]

1. e4 e6 2. d4 d5 3. Nd2 dxe4 4. Nxe4 Bd7 5. Bd3 Bc6 6. c3 Nf6 7. Qe2 Nxe4 8.
Bxe4 Bxe4 9. Qxe4 c6 10. Nf3 Nd7 11. Bf4 Nf6 12. Qd3 Bd6 13. Bxd6 Qxd6 14. a3
Nd5 15. g3 g6 16. O-O O-O 17. Rfe1 a5 18. Nd2 b6 19. Re2 a4 20. Rae1 Rad8 21.
Qc2 Ra8 1/2-1/2

[Event "First Saturday 2011 marcius FM-A"]
[Site "Budapest"]
[Date "2011.03.13"]
[Round "9"]
[White "Mayer, Istvan"]
[Black "Csomor, Viktor"]
[Result "0-1"]
[WhiteElo "2023"]
[BlackElo "2081"]
[PlyCount "120"]
[EventDate "2011.03.05"]

1. e4 e6 2. d4 d5 3. exd5 exd5 4. Bd3 c5 5. Ne2 c4 6. O-O cxd3 7. Qxd3 Bd6 8.
Nf4 Ne7 9. Nc3 O-O 10. Nb5 Bf5 11. Qb3 Nbc6 12. c3 a6 13. Nxd6 Qxd6 14. Qb6 Ng6
15. Nh5 Rfe8 16. Ng3 Bd3 17. Rd1 Bc2 18. Rf1 a5 19. Be3 Nh4 20. Rfc1 Bg6 21. b4
Qd7 22. Bg5 Nf5 23. Nf1 axb4 24. cxb4 Nfxd4 25. Ng3 Qg4 26. Be3 Ne2+ 27. Nxe2
Qxe2 28. Qxb7 d4 29. Re1 Qc4 30. Rac1 Bc2 31. Bd2 h6 32. b5 Nb4 33. Re7 Reb8
34. Qf3 Rf8 35. b6 Nd5 36. b7 Rab8 37. Re5 Nc7 38. Qg3 Kh7 39. Qa3 Ne6 40. Qe7
Rbe8 41. Qh4 Qd3 42. Bb4 Rg8 43. a3 Qg6 44. Bd6 Ng5 45. Qg3 Qxd6 46. Rxe8 Qxg3
47. hxg3 Rxe8 48. Rxc2 Re1+ 49. Kh2 Rb1 50. Rc4 Rxb7 51. Rxd4 Ra7 52. a4 Ne6
53. Rc4 Ra5 54. g4 Rd5 55. f4 g6 56. Rb4 Ra5 57. g3 Kg7 58. Kg2 Nc5 59. Rb5
Rxb5 60. axb5 Kf8 0-1

[Event "First Saturday 2011 marcius FM-A"]
[Site "Budapest"]
[Date "2011.03.14"]
[Round "10"]
[White "Borda, Lajos"]
[Black "Csomor, Viktor"]
[Result "1-0"]
[WhiteElo "2135"]
[BlackElo "2081"]
[PlyCount "63"]
[EventDate "2011.03.05"]

1. e4 e6 2. d4 d5 3. e5 c5 4. c3 Nc6 5. Nf3 Nge7 6. Na3 Nf5 7. Nc2 cxd4 8. cxd4
Qa5+ 9. Bd2 Qb6 10. Bc3 Bd7 11. Bd3 Be7 12. Qd2 a5 13. a3 a4 14. Qf4 Qd8 15. h4
g6 16. Ne3 Nxe3 17. Qxe3 Na5 18. h5 g5 19. Nh2 h6 20. Ng4 Rc8 21. Rh3 Nc4 22.
Bxc4 Rxc4 23. Rf3 b5 24. Qd2 Qb6 25. Ne3 Rc8 26. Bb4 Bd8 27. Qd3 Qa7 28. Rxf7
Ba5 29. Qg6 Bxb4+ 30. axb4 Kd8 31. Qf6+ Kc7 32. Rxd7+ 1-0

[Event "First Saturday 2011 marcius FM-A"]
[Site "Budapest"]
[Date "2011.03.14"]
[Round "10"]
[White "Tran, Minh Trang"]
[Black "Mayer, Istvan"]
[Result "1-0"]
[WhiteElo "2077"]
[BlackElo "2023"]
[PlyCount "39"]
[EventDate "2011.03.05"]

1. d4 c5 2. c3 cxd4 3. cxd4 d5 4. Bf4 Nc6 5. Nc3 h6 6. e3 Nf6 7. Bd3 a6 8. h3
e6 9. a3 Bd6 10. Nge2 O-O 11. O-O b5 12. Rc1 Nh5 13. Nxd5 Nxd4 14. Nxd4 Nxf4
15. Nxf4 e5 16. Nc6 Qg5 17. Be4 exf4 18. Qxd6 Re8 19. Ne7+ Rxe7 20. Qd8+ 1-0

[Event "First Saturday 2011 marcius FM-A"]
[Site "Budapest"]
[Date "2011.03.14"]
[Round "10"]
[White "Kiraly, Zoltan"]
[Black "Juracsik, Jozsef"]
[Result "0-1"]
[WhiteElo "2074"]
[BlackElo "2228"]
[PlyCount "74"]
[EventDate "2011.03.05"]

1. d4 Nf6 2. c4 g6 3. Nc3 Bg7 4. e4 d6 5. Nge2 O-O 6. Ng3 Nbd7 7. Be2 e5 8. d5
a5 9. h4 Nc5 10. h5 c6 11. hxg6 fxg6 12. Be3 cxd5 13. exd5 Qb6 14. Qd2 a4 15.
f3 Bd7 16. Nge4 Nh5 17. Nxc5 dxc5 18. Ne4 Rac8 19. O-O-O Nf4 20. Bf1 a3 21. b3
Qd8 22. Bxc5 Rxc5 23. Nxc5 e4 24. Nxd7 Qxd7 25. fxe4 Qd6 26. Qc2 Qe5 27. Rd2 h5
28. g3 Nh3 29. Bxh3 Rf3 30. Be6+ Kh7 31. Rd3 Qa1+ 32. Qb1 Bh6+ 33. Rd2 Bxd2+
34. Kxd2 Qc3+ 35. Ke2 Qe3+ 36. Kd1 Rf2 37. Qc1 Qd3+ 0-1

[Event "First Saturday 2011 marcius FM-A"]
[Site "Budapest"]
[Date "2011.03.14"]
[Round "10"]
[White "Darazs, Zoltan"]
[Black "Zala, Gyula"]
[Result "0-1"]
[WhiteElo "2218"]
[BlackElo "2074"]
[PlyCount "102"]
[EventDate "2011.03.05"]

1. e4 e5 2. f4 g5 3. fxg5 Qxg5 4. Nf3 Qg7 5. d4 exd4 6. Qxd4 Nc6 7. Qxg7 Bxg7
8. Nc3 Nd4 9. Nxd4 Bxd4 10. Bd2 c6 11. O-O-O Be5 12. Bc4 d6 13. Rhf1 Be6 14.
Bxe6 fxe6 15. Bf4 Bxf4+ 16. Rxf4 Ke7 17. Rg4 Nh6 18. Rg7+ Nf7 19. Rf1 Raf8 20.
g3 h5 21. Ne2 e5 22. Rf5 h4 23. g4 Rhg8 24. Rxg8 Rxg8 25. h3 Ng5 26. Ng1 Nxe4
27. Nf3 Ng3 28. Rg5 Rxg5 29. Nxg5 Ne2+ 30. Kd2 Nf4 31. Nf3 Nxh3 32. Nxh4 Kf6
33. Nf5 d5 34. Nd6 Kg5 35. Nxb7 Kxg4 36. b4 Kf3 37. Nd8 e4 38. Nxc6 e3+ 39. Ke1
Nf4 40. Nd4+ Ke4 41. Ne2 Ng2+ 42. Kd1 Nh4 43. a4 Nf5 44. Nc3+ Kf3 45. Ne2 Kf2
46. b5 Nd6 47. Nf4 d4 48. Nd3+ Kf1 49. Nf4 Nc4 50. c3 d3 51. Nxd3 Nb2+ 0-1

[Event "First Saturday 2011 marcius FM-A"]
[Site "Budapest"]
[Date "2011.03.14"]
[Round "10"]
[White "Schenkerik, Csaba"]
[Black "Farkas, Richard"]
[Result "1/2-1/2"]
[WhiteElo "2136"]
[BlackElo "2001"]
[PlyCount "42"]
[EventDate "2011.03.05"]

1. e4 e6 2. d4 d5 3. Nc3 Bb4 4. a3 Bxc3+ 5. bxc3 dxe4 6. f3 b6 7. Nh3 Bb7 8.
Bb5+ Nd7 9. fxe4 Bxe4 10. Qe2 Bb7 11. Bb2 Qh4+ 12. Nf2 O-O-O 13. g3 Qe7 14.
O-O-O Ngf6 15. c4 Kb8 16. Kb1 Rhe8 17. Rhe1 Qd6 18. Ka2 a6 19. Ba4 Ka7 20. Bc3
Bc6 21. Bb3 a5 1/2-1/2

[Event "First Saturday 2011 marcius FM-A"]
[Site "Budapest"]
[Date "2011.03.15"]
[Round "11"]
[White "Farkas, Richard"]
[Black "Borda, Lajos"]
[Result "0-1"]
[WhiteElo "2001"]
[BlackElo "2135"]
[PlyCount "152"]
[EventDate "2011.03.05"]

1. e4 c5 2. Nf3 a6 3. c4 d6 4. Nc3 e6 5. d4 b6 6. dxc5 bxc5 7. e5 Bb7 8. exd6
Bxd6 9. Be2 Qc7 10. Qc2 Nf6 11. Bg5 Nbd7 12. O-O-O h6 13. Bh4 Bc6 14. Bg3 Bxg3
15. hxg3 Qb7 16. Rd2 O-O-O 17. Rg1 Ng4 18. Bd1 Nge5 19. Qb3 Nxf3 20. Qxb7+ Kxb7
21. Bxf3 Bxf3 22. gxf3 Ne5 23. Rgd1 Rxd2 24. Rxd2 Kc6 25. Ne4 f5 26. f4 Nxc4
27. Rc2 fxe4 28. Rxc4 Kd5 29. b3 g5 30. fxg5 hxg5 31. Kd2 Rf8 32. Ke2 e5 33.
Rc2 Rf3 34. Rd2+ Kc6 35. Rd8 g4 36. Rg8 e3 37. fxe3 Rxg3 38. Kf2 Rf3+ 39. Ke2
Rh3 40. Rxg4 Rh2+ 41. Kd3 Rxa2 42. Rg6+ Kb5 43. Re6 Ra1 44. Rxe5 Kb4 45. Kc2
Ra2+ 46. Kb1 Re2 47. Kc1 a5 48. e4 Re3 49. Kc2 Rc3+ 50. Kd2 Rxb3 51. Re8 Rb2+
52. Kd1 a4 53. e5 a3 54. Kc1 Re2 55. Kb1 Kb3 56. Rb8+ Kc3 57. Ra8 a2+ 58. Ka1
Rxe5 59. Kxa2 Re2+ 60. Kb1 Re1+ 61. Ka2 c4 62. Rd8 Kc2 63. Rd7 Re6 64. Ka3 Kc3
65. Ka2 Kc2 66. Ka3 c3 67. Rh7 Rd6 68. Rh2+ Rd2 69. Rh3 Rg2 70. Rh8 Kc1 71. Rd8
c2 72. Ka2 Rg5 73. Rc8 Rg7 74. Ra8 Rd7 75. Rh8 Ra7+ 76. Kb3 Kb1 0-1

[Event "First Saturday 2011 marcius FM-A"]
[Site "Budapest"]
[Date "2011.03.15"]
[Round "11"]
[White "Zala, Gyula"]
[Black "Schenkerik, Csaba"]
[Result "1/2-1/2"]
[WhiteElo "2074"]
[BlackElo "2136"]
[PlyCount "42"]
[EventDate "2011.03.05"]

1. d4 d5 2. c4 e6 3. Nc3 c6 4. Nf3 Nf6 5. Bg5 dxc4 6. e4 b5 7. e5 h6 8. Bh4 g5
9. Nxg5 hxg5 10. Bxg5 Nbd7 11. exf6 Bb7 12. g3 c5 13. d5 Qb6 14. Bg2 O-O-O 15.
O-O b4 16. Na4 Qb5 17. a3 exd5 18. axb4 cxb4 19. Be3 Nc5 20. Nxc5 Bxc5 21. Bxc5
Qxc5 1/2-1/2

[Event "First Saturday 2011 marcius FM-A"]
[Site "Budapest"]
[Date "2011.03.15"]
[Round "11"]
[White "Juracsik, Jozsef"]
[Black "Darazs, Zoltan"]
[Result "1-0"]
[WhiteElo "2228"]
[BlackElo "2218"]
[PlyCount "31"]
[EventDate "2011.03.05"]

1. e4 e5 2. Nf3 Nc6 3. d4 exd4 4. Nxd4 Nf6 5. Nxc6 bxc6 6. e5 Qe7 7. Qe2 Nd5 8.
c4 Ba6 9. g3 g5 10. h4 gxh4 11. Rxh4 Bg7 12. Rg4 Kf8 13. Rxg7 Kxg7 14. Qg4+ Kf8
15. Bh6+ Ke8 16. Qg7 1-0

[Event "First Saturday 2011 marcius FM-A"]
[Site "Budapest"]
[Date "2011.03.15"]
[Round "11"]
[White "Szendeff, Miklos"]
[Black "Kiraly, Zoltan"]
[Result "0-1"]
[WhiteElo "1854"]
[BlackElo "2074"]
[PlyCount "86"]
[EventDate "2011.03.05"]

1. e4 g6 2. d4 Bg7 3. c4 d6 4. Nc3 Nf6 5. Be3 O-O 6. h3 Nbd7 7. Nf3 e5 8. Be2
Qe7 9. d5 Nc5 10. Nd2 a5 11. O-O Ne8 12. Rc1 f5 13. f3 f4 14. Bf2 Bf6 15. Nb3
Bh4 16. Bxh4 Qxh4 17. Qe1 Qh5 18. Nxa5 Rxa5 19. b4 Ra8 20. bxc5 dxc5 21. a4 Bd7
22. Ra1 b6 23. Qf2 Ra5 24. Ra3 g5 25. Rfa1 Qg6 26. Nd1 Nd6 27. Qe1 h5 28. Nf2
Rfa8 29. Qd1 Qe8 30. Nd3 Nxc4 31. R3a2 Ne3 32. Qc1 Rxa4 33. Rxa4 Rxa4 34. Rxa4
Bxa4 35. Qb2 Qb5 36. Qxb5 Bxb5 37. Nxf4 gxf4 38. Bxb5 h4 39. Kf2 Kf7 40. Ba6
Ke7 41. Bb5 c4 42. Ke2 Kd6 43. Kd2 Kc5 0-1

[Event "First Saturday 2011 marcius FM-A"]
[Site "Budapest"]
[Date "2011.03.15"]
[Round "11"]
[White "Csomor, Viktor"]
[Black "Tran, Minh Trang"]
[Result "1/2-1/2"]
[WhiteElo "2081"]
[BlackElo "2077"]
[PlyCount "41"]
[EventDate "2011.03.05"]

1. d4 e6 2. c4 f5 3. Nc3 Nf6 4. g3 d5 5. Bg2 c6 6. Nf3 Bd6 7. cxd5 cxd5 8. O-O
O-O 9. Nb5 Nc6 10. Nxd6 Qxd6 11. Bf4 Qe7 12. Rc1 Bd7 13. a3 Ne4 14. Ne5 Rac8
15. f3 Nd6 16. Nxc6 Rxc6 17. Rxc6 Bxc6 18. Qc1 Qd7 19. Qc5 Nc4 20. Qb4 a5 21.
Qc3 1/2-1/2